000 00645nam a2200229Ia 4500
003 OSt
005 20220928110459.0
006 a|||||r|||| 00| 0
007 ta
008 220927b |||||||| |||| 00| 0 eng d
024 _a49090
037 _cTextual
040 _aSDCL
_cSDCL
_beng
041 _2eng
_aeng
082 _aO152,1(Q225):g, K1
100 _aSinha Savitre
_9419673
245 0 _aBrjbhasha ke krishanbhkti kavya me abhivyanjana shilp.
260 _aDelhi
_bNational Publishing House
_c1961
300 _a486p.
_ccm.
942 _hO152,1(Q225):g, K1
_cTEXL
_2CC
999 _c735815
_d735815